La catedral de Mérida en el año de 1845 por el Dr. Dn. Justo Sierra O'Reilly ; La catedral de Mérida en el año de 1942 por el señor Lic. Dn. Francisco Cantón Rosado

Detalles Bibliográficos
Autor principal: Sierra O'Reilly, Justo, 1814-1861
Autor Corporativo: Editorial Yikal Maya Than, ed
Otros Autores: Cantón Rosado, Francisco, 1867-1956. La catedral de Mérida en el año de 1942
Formato: Libro
Lenguaje:Spanish
Publicado: [Mérida] : s.n., 1942.
Edición:Ediciones selectas de la Yikal Maya Than
Materias:
Colección:Banco de datos
Acervo:Colección Seminario de Yucatán del Instituto Francisco de Toral. Conkal. Yucatán
Descripción Física:33 p. : il. ; 17 cm.
Tema general:Catedral de Mérida, Yucatán (México)
Geografía y viajes
Notas:Encuadernación editorial. Daños en la encuadernación, tapa superior desprendida
LEADER 00986nam a22002170004500
035 |a 919 
041 0 |a spa 
100 1 |a Sierra O'Reilly, Justo, 1814-1861 
245 1 0 |a La catedral de Mérida en el año de 1845 por el Dr. Dn. Justo Sierra O'Reilly ; La catedral de Mérida en el año de 1942 por el señor Lic. Dn. Francisco Cantón Rosado 
250 |a Ediciones selectas de la Yikal Maya Than 
260 |a [Mérida] : s.n., 1942. 
300 |a 33 p. : il. ; 17 cm. 
500 |a Encuadernación editorial. Daños en la encuadernación, tapa superior desprendida 
650 1 0 |a Catedral de Mérida, Yucatán (México) 
650 1 0 |a Geografía y viajes 
700 1 |a Cantón Rosado, Francisco, 1867-1956. La catedral de Mérida en el año de 1942 
710 1 |a Editorial Yikal Maya Than, ed. 
949 |a Colección Seminario de Yucatán: 1403 
942 |c CONKALSEM 
943 |g Colección Seminario de Yucatán del Instituto Francisco de Toral. Conkal. Yucatán 
999 |c 1092122  |d 1092122